[Event "Mittelrhein Verbandsliga-W 17/18"]
[Site "Nordrheinwestfalen"]
[Date "2018.05.06"]
[Round "11.7"]
[White "Bamberger, Alberto"]
[Black "Gillessen, Horst"]
[Result "0-1"]
[WhiteElo "1715"]
[BlackElo "1832"]
[PlyCount "142"]
[EventDate "2017.09.10"]
[EventType "team-tourn"]
[EventRounds "11"]
[EventCountry "GER"]
[SourceTitle "EXT 2022"]
[Source "ChessBase"]
[SourceDate "2021.10.06"]
[SourceVersion "1"]
[SourceVersionDate "2021.10.06"]
[SourceQuality "1"]
[WhiteTeam "Eschweiler SC"]
[BlackTeam "Herzogenrath"]
[WhiteTeamCountry "GER"]
[BlackTeamCountry "GER"]

1. d4 d5 2. g3 Nf6 3. Bg2 Bf5 4. Nf3 e6 5. Bg5 Be7 6. 0-0 h6 7. Bxf6 Bxf6 8. Nbd2 0-0 9. c3 Nd7 10. Re1 c6 11. e4 dxe4 12. Nxe4 Be7 13. Ned2 Qc7 14. Nc4 Rad8 15. Ne3 Bg6 16. Qe2 Bh5 17. Qc2 Rfe8 18. Nd2 Bg5 19. Bf3 Bxf3 20. Nxf3 Bxe3 21. Rxe3 c5 22. dxc5 Nxc5 23. Rae1 Rd6 24. Nd4 Rd5 25. f4 Nd7 26. Qe2 Nf6 27. Re5 Rxe5 28. Qxe5 Qb6 29. Qb5 Qc7 30. Nf3 a6 31. Qb4 Nd5 32. Qd4 Rd8 33. Qf2 Nf6 34. Ne5 Qd6 35. Re2 Qd5 36. c4 Qa5 37. b3 Rd1+ 38. Kg2 Qd8 39. Re1 Rd2 40. Re2 Rd1 41. h3 Rd4 42. Nf3 Rd3 43. Rd2 Ne4 44. Rxd3 Qxd3 45. Qb2 f6 46. h4 h5 47. a3 Kh7 48. Qa2 Kg6 49. Qb2 Kf5 50. Nd4+ Kg4 51. Qe2+ Qxe2+ 52. Nxe2 e5 53. fxe5 fxe5 54. b4 b6 55. a4 g6 56. a5 bxa5 57. bxa5 Nc5 58. Nc1 e4 59. Ne2 Nb3 60. Nf4 Nxa5 61. c5 Nc6 62. Nd5 Kf5 63. Kf2 Ke5 64. Nc7 a5 65. Ke3 Nd4 66. Na6 Nf5+ 67. Kf2 Kd5 68. Kg2 Kc6 69. Nb8+ Kc7 70. Na6+ Kb7 71. c6+ Kxa6 0-1